000 01603naa a2200337 i 4500
003 EG-GICUC
005 20260121101428.0
008 251203s1927 us ||||fr|||| ||| ||lat d
040 _aEG-GiCUC
_beng
_cEG-GiCUC
_dEG-GiCUC
_erda
041 1 _aeng
082 0 4 _221
_a341.1
_bPU . O
092 0 4 _221
099 _aLaw1 11 341.1 PU . O 1927
100 1 _aPufendorf, Samuel Von,
_d1632-1694,
_eAuthor.
245 1 3 _aDe Officio Hominis et Civis Juxta Legem Naturalem Libri Duo.
_nVolume One,
_p A Photographic Reproduction of the Edition of 1682 /
_cby Samuel Von Pufendorf ; with an Introduction by Walther Schücking.
264 3 _aNew York :
_bOxford University Press,
_c1927.
300 _aVarious paging ;
_c24 cm.
_billustrations,
336 _2rda content
_atext
337 _2rda media
_aComputer
338 _2rda carrier
_aOnline Resource
490 0 _aThe classics of international law.
500 _aText in Latin with an Introduction in English and a List of Errata.
504 _aBibliographic references
505 _aVOL. I. A Photographic Reproduction of the Edition of 1682, with an Introduction by Walther Schücking and a List of Errata. VOL. II. A Translation of the Text, by Frank Gardner Moore, with a Translation (by Herbert F. Wright) of the Introduo tion by Walther Schücking, and an Index by Herbert F. Wright.
650 1 4 _aPublic international law
_2qrmak
651 1 _2qrmak
700 1 _aSchücking, Walther,
_eContributor
_d1875-1935,
856 4 0 _uhttps://fll.law.cu.edu.eg/fulltext/bks/B11-05403.pdf
905 _a75
_eHassnaa
942 _2ddc
_n0
_cBK
_e21
999 _c48257
_d48257